Statistics for Play-Doh People from History

Click here to take the quiz!

General Stats

  • This quiz has been taken 56,283 times
  • The average score is 9 of 12

Answer Stats

Answer% Correct
Albert Einstein
99%
Mohandas Gandhi
96%
Cleopatra
95%
Joseph Stalin
86%
Bob Marley
83%
Vincent van Gogh
79%
Amelia Earhart
69%
King Henry VIII
64%
Benjamin Franklin
62%
Marie Antoinette
62%
Confucius
41%
Frederick Douglass
25%

Score Distribution

Percentile by Number Answered

Percent of People with Each Score

Your Score History

You have not taken this quiz